| 000 | 00678 a2200241 4500 | ||
|---|---|---|---|
| 001 | 200045089 | ||
| 650 | 7 |
_aSiyasal partiler _zTürkiye _2etuturkob _945613 |
|
| 999 |
_c200045089 _d33152 |
||
| 003 | TR-AnTOB | ||
| 005 | 20240828073826.0 | ||
| 008 | 121004s1997 tu 000 0 | ||
| 040 | _aTR-AnTOB | ||
| 041 | _atur | ||
| 050 | 0 |
_aJQ1809.A8 _bR44 1997 |
|
| 090 | _aJQ1809.A8 .R44 1997 | ||
| 110 | 1 |
_aRefah Partisi (Türkiye) _983005 |
|
| 245 | 1 | 0 |
_aEsas hakkında savunma / _cRefah Partisi,. |
| 264 | 1 |
_aAnkara: _bRefah Partisi, _c1997. |
|
| 300 |
_ax, 421 p. ; _c21 cm. |
||
| 610 | 2 | 0 |
_aRefah Partisi (Türkiye) _983005 |
| 650 | 0 | 0 |
_aPolitical parties _zTurkey _911610 |
| 942 | _cBK | ||